000 01157cam a22003011 4500
001 9239
003 FISKH
005 20251204111816.0
008 850718s1960 enka j 000 1 eng
010 _a 61004148
035 _a6090508
035 _a(OCoLC)12276706
040 _aDLC
_cNcGU
_dDLC
050 _aPZ7
082 _a823.914
100 1 _aChauncy, Nan.
245 1 0 _aTangara: "let us set off again." /
_cIllustrated by Brian Wildsmith.
260 _aLondon,
_bOxford University Press,
_c1960.
300 _a180 pages :
_billustrations ;
_c22 cm
505 _aR
520 _aWritten by the three-time winner of the Australian Children's Book of the Year Award and first published in 1960, this story relates the friendship which develops between two young girls from different cultures. Lexie and her Aboriginal friend Merrina face many challenges and adventures together during the course of the story.
521 8 _a730
_bLexile estimate
521 8 _aR
_bRaz-Plus
650 _aAboriginal Australians
_vChildren's fiction
906 _a7
_bcbc
_coclcrpl
_du
_encip
_f19
_gy-gencatlg
942 _2ddc
_cBK
_n0
999 _c9239
_d9239